Una rude e dolce santità: fede e carità in atto; biografia del servo di Dio p. Ireneo Mazzotti dell'Ordine dei frati minori

Saved in:  
Bibliographic Details
Main Author: Barbariga, Rocco (Author)
Format: Print Book
Language:Italian
Subito Delivery Service: Order now.
Check availability: HBZ Gateway
WorldCat: WorldCat
Interlibrary Loan:Interlibrary Loan for the Fachinformationsdienste (Specialized Information Services in Germany)
Published: Milano Biblioteca Francescana 2001
In:Year: 2001
Standardized Subjects / Keyword chains:B Mazzotti, Ireneo 1887-1976

MARC

LEADER 00000cam a2200000 c 4500
001 1615201416
003 DE-627
005 20251225195834.0
007 tu
008 041220s2001 xx ||||| 00| ||ita c
020 |a 8879620983  |9 88-7962-098-3 
024 8 |a CASA.0433.0040  |q Sonstige Nr. 
035 |a (DE-627)1615201416 
035 |a (DE-576)115094784 
035 |a (DE-599)BSZ115094784 
035 |a (OCoLC)56022297 
035 |a (ZDB-21-EIL)03689204 
040 |a DE-627  |b ger  |c DE-627  |e rakwb 
041 |a ita 
050 0 |a BR 
082 0 |a 271 
084 |a 1  |2 ssgn 
100 1 |a Barbariga, Rocco  |4 aut 
245 1 4 |a Una rude e dolce santità  |b fede e carità in atto; biografia del servo di Dio p. Ireneo Mazzotti dell'Ordine dei frati minori  |c Rocco Barbariga 
264 1 |a Milano  |b Biblioteca Francescana  |c 2001 
300 |a XII, 544 S.  |b Ill.  |c 23 cm 
336 |a Text  |b txt  |2 rdacontent 
337 |a ohne Hilfsmittel zu benutzen  |b n  |2 rdamedia 
338 |a Band  |b nc  |2 rdacarrier 
500 |a Cont. bibl. refs. and notes. - Biography of Ireneo Mazzotti (1887-1976), priest of the monastic order Friars Minor and founder of the secular institute, Piccola famiglia francescana 
583 1 |a Archivierung prüfen  |c 20200919  |f DE-640  |z 1  |2 pdager 
583 1 |a Archivierung/Langzeitarchivierung gewährleistet  |f SSG  |x XA-DE-BW  |2 pdager  |5 DE-21 
601 |a Biografie 
689 0 0 |d p  |0 (DE-588)129616648  |0 (DE-627)707281601  |0 (DE-576)216581893  |2 gnd  |a Mazzotti, Ireneo  |d 1887-1976 
689 0 |5 (DE-627) 
935 |a mteo 
951 |a BO 
ELC |b 1 
ITA |a 1  |t 1 
LOK |0 000 xxxxxcx a22 zn 4500 
LOK |0 001 3190143757 
LOK |0 003 DE-627 
LOK |0 004 1615201416 
LOK |0 005 20041220000000 
LOK |0 008 041220||||||||||||||||ger||||||| 
LOK |0 040   |a DE-21  |c DE-627  |d DE-21 
LOK |0 852   |a DE-21 
LOK |0 852 1  |c 44 A 11388  |9 00 
LOK |0 935   |a theo 
LOK |0 936ln  |a t4.8 
LOK |0 938   |l 20/12/04  |8 6 
LOK |0 939   |a 20-12-04  |b l01 
ORI |a SA-MARC-ixtheoa001.raw